Remaking Africa (Record no. 368299)

000 -LEADER
fixed length control field 00375cam a22001337a 4500
008 - FIXED-LENGTH DATA ELEMENTS--GENERAL INFORMATION
fixed length control field 180718b1961 xxu||||| |||| 00| 0 eng d
082 ## - DEWEY DECIMAL CLASSIFICATION NUMBER
Classification number T19x6 H457
100 ## - MAIN ENTRY--PERSONAL NAME
Personal name Heseltine, Nigel
245 ## - TITLE STATEMENT
Title Remaking Africa
Statement of responsibility, etc. by Nigel Heseltine
260 ## - PUBLICATION, DISTRIBUTION, ETC.
Place of publication, distribution, etc. London
Name of publisher, distributor, etc. Museum Press
Date of publication, distribution, etc. 1961
300 ## - PHYSICAL DESCRIPTION
Extent 160p.
650 ## - SUBJECT ADDED ENTRY--TOPICAL TERM
Topical term or geographic name entry element Economic Geography - Africa
650 ## - SUBJECT ADDED ENTRY--TOPICAL TERM
Topical term or geographic name entry element Africa - Economic Conditions
Holdings
Withdrawn status Lost status Damaged status Not for loan Permanent Location Current Location Date acquired Full call number Barcode Date last seen Price effective from Koha item type
        Indian Institute of Public Administration Indian Institute of Public Administration 1994-05-20 T19x6 H457 29604 2018-07-21 2018-07-21 Book

Powered by Koha